000 00982nam a22001937a 4500
999 _c11930
_d11930
003 AR-CdUCM
008 190304b ||||| |||| 00| 0 spa d
040 _aMUNICIPALIDAD PROVINCIAL DEL CUSCO
_cBIBLIOTECA MUNICIPAL DEL CUSCO
082 _aEP / 372.48 /
_bZ37
100 _aZapata Santillana, Everardo
_927530
245 _aCuentos escogidos :
_b(De la literatura universal) /
260 _aPerú :
_bEdiciones Coquíto,
_c1958.
300 _a125 Páginas ;
_c20 cm.
505 _aContenido :v.3. Ali Baba y los 40 ladrones -- La rana de la felicidad -- La tinaja encantadora -- Cabellos de oro -- Las princesas bailarinas -- v.4. El gato con botas -- La princesa triste -- El rey pico de loro -- El almendro -- El agua de la vida -- v.5. El sastrecillo astuto -- El ruiseñor -- El pato de oro -- La mujer, el pescador y el pez -- La vieja de los gansos ...
650 _aHistorietas
_910786
650 _aCuentos peruanos
_97
942 _2ddc
_cLIBROS
945 _arum
_d2019-04-05